000 00479nam a2200169Ia 4500
008 090711s9999 xx 000 0 und d
082 _b15735
100 _aपानवलकर श्री. दा.
245 _aऔदुंबर
260 _c1963
300 _a206
600 _aपानवलकर श्री. दा.
630 _aऔदुंबर
700 _aपानवलकर श्री. दा.
730 _aऔदुंबर
942 _cBOOK
999 _c313135
_d313135